000 00741nam a22002295a 4500
001 13294557
003 OSt
005 20231109161554.0
008 030521s2002 su 000 0 eng
010 _a 2003348374
020 _a9960892026
035 _a 2003348374
040 _aDLC
_cDLC
042 _alcode
082 _a953.1
_bDAR/H
245 0 0 _aHistory of Makkah /
_cprepared by a group of scholars under the supervision of Safiur Rahman Mubarakpuri ; translated by Nasiruddin al-Khattab.
260 _aRiyadh :
_bDarussalam,
_cc2002.
300 _a176 p. ;
_c21 cm.
906 _a7
_bibc
_corigode
_d3
_encip
_f20
_gy-gencatlg
942 _2ddc
_cBK
_h953.1
_iDAR/H
_k953.1
_mDAR/H
999 _c43016
_d43016